| 000 | 00589nam a2200217 a 4500 | ||
|---|---|---|---|
| 003 | DO-SdBNP | ||
| 005 | 20220620100846.0 | ||
| 007 | ta | ||
| 008 | 190812s1982 000 spa d | ||
| 020 | _a8439984677 | ||
| 040 |
_aDO-SdBNP _cspa _bBNPHU |
||
| 082 |
_a465 _bT266e |
||
| 100 |
_aTejada Castillo, Ramón _937580 |
||
| 245 | 0 |
_aEspañol : _cRamón Tejada Castillo _b3er curso. |
|
| 260 |
_aSanto Domingo : _c1982. _bDisesa, |
||
| 300 |
_a235 p.: _bil. ; _c23 cm |
||
| 590 | _aInventariado, 2022 / DG | ||
| 650 |
_aEspañol _xGramática _93475 |
||
| 910 | _aDG | ||
| 942 |
_2ddc _cLBS1 |
||
| 999 |
_c48777 _d48777 |
||